000 00521nam a2200205Ia 4500
003 GCL
008 140319s9999 xx 000 0 eng d
040 _aGCL /
_cGCL
082 0 4 _a658
_bB S
100 1 _aBETTS, P. W.
245 1 0 _aSUPORVISORG STUDIES: A MANGERIAL PERSPECTIVE /
_cBETTS, P. W.
260 _a[S.N] :
_bPITMAN PUBLISHING ،
_c1989
300 _a550 P
650 0 4 _aMANAGEMENT
650 0 4 _aBUSINESS
650 0 4 _aCOMMUNICATION
650 0 4 _aADMINSTRATION
650 0 4 _aTRAINING
942 _2ddc
_cBK
999 _c19871
_d19871